Vitajte v krajine (bez) zázrakov

Politicko-ekonomický vývoj SRN. Prehľad základných geograficko-ekonomických ukazovateľov. Príčiny postupného úpadku ekonomiky SRN.

Guardado en:
Detalles Bibliográficos
Autor principal: Rejta, Štefan
Formato: Capítulo de libro
Lenguaje:eslovaco
Materias:
Etiquetas: Agregar Etiqueta
Sin Etiquetas, Sea el primero en etiquetar este registro!

MARC

LEADER 00000naa a2200000 4500
001 r045688
005 20230920074805.7
041 0 |a slo 
044 |a SK 
245 1 0 |a Vitajte v krajine (bez) zázrakov  |c Štefan Rejta 
520 |a Politicko-ekonomický vývoj SRN. Prehľad základných geograficko-ekonomických ukazovateľov. Príčiny postupného úpadku ekonomiky SRN. 
610 2 0 |a vývoj hospodársky 
610 2 0 |a Nemecko 
610 2 0 |a úpadok hospodársky 
610 2 0 |a ukazovatele ekonomické 
610 2 0 |a inflácia 
610 2 0 |a nezamestnanosť 
610 2 0 |a produkt domáci hrubý 
100 1 |a Rejta, Štefan